00823nam a2200241 450000100060000000300080000600500170001400800410003103500190007204000270009104100080011808200130012610000250013924500810016426000420024530000270028750000460031450400500036060000450041060000480045565100380050365100400054126406BD-RjUL20211209051020.0140322t1969 ii b 001 0 eng d a(BD-RjUL)26476 aDLCbengcDLCdBD-RjUL aeng04aRAB 19691 aRaychaudhuri, Tapan.10aBengal under Akbar and Jahangir :ban introductory study in social history / aDelhi :bMunshiram Manoharlal,c1969. aviii, 268 p. ;c23 cm. aBased on an earlier doctoral dissertation aincludes Bibliographical reference and index.00aAkbar,cEmperor of Hindustan,d1542-160500aJahangir,cEmperor of Hindustan,d1569-1627 0aBengal (India)xSocial conditions 0aBengal (India)xEconomic conditions